| 000 | 00555nam a22001817a 4500 | ||
|---|---|---|---|
| 005 | 20251108164358.0 | ||
| 008 | 250721s1998 xx 000 0 ara d | ||
| 082 | 1 | 4 | _a928.1/سرح |
| 100 | 1 | _aسرحان، مكي محمد | |
| 245 | 1 | 0 | _aالدكتورة سعاد الصباح / |
| 264 | 1 |
_aبيروت : _bالمؤسسة العربية للدراسات، _c1998. |
|
| 300 | _a84ص. | ||
| 490 | 0 | _aأدباء خليجيون متميزون ؛9 | |
| 650 | 1 | 7 | _aالأدباء العرب |
| 650 | 1 | 7 | _aالكويت |
| 942 |
_2ddc _cBK |
||
| 999 |
_c10694 _d10694 |
||